000 00941nam a2200241Ia 4500
001 21794
005 20260407161337.0
008 260320s9999||||xx |||||||||||||| ||und||
020 _a9786125136459
041 _aESP
082 _a001.42
_bB97
100 _aButrón Revilla, Cinthya Lady,
_eAUT
245 0 _aPensar, investigar, diseñar :
_bintroducción a la metología de la investigación científica
250 _aPrimera edición
260 _aArequipa :
_bUniversidad Nacional de San Agustín de Arequipa,
_c2025
300 _a148 páginas :
_btablas, diagramas, gráficos ;
_c28 cm.
650 _aGEN
653 _aInvestigación científica - Metodología; Proyectos de investigación - Metodología
654 _aCHU
700 _aManchego Huaquipaco, Edith Gabriela,
_cAUT
856 _uhttps://ebooks7-24-com.ucsp.lookproxy.com/stage.aspx?il=&pg=&ed=
_zVéase además: Base de datos Ebook7-24
942 _cLIB
_dJUS
_fMAT
_2ddc
999 _c21794
_d21794